000 00885nam a22002777a 4500
001 BR2018001156
003 BR-BrBNA
005 20230928105249.0
007 ta
008 230509b bl.||||| |||| 00| 0 por d
040 _aBR-BrBNA
_bpor
_cBiblioteca Nacional de Agricultura
041 _a(Por)
072 _aL70
_b5400
090 _ 5400 BR2018001156
100 1 _aCorrêa, M.L.
110 1 _aUniversidade Federal de Minas Gerais, Belo Horizonte (Brasil). Escola de Veterinária
_0Tese (Mestre em Ciência Animal)
245 1 _aAvaliação de dois glicosímetros veterinários para uso em cães
260 3 _aBelo Horizonte, MG (Brasil):
_c2017.
300 _a74 p.
500 _aSummaries (Eng, Por); Bibliography p. 60-71; 6 illus.; 7 tables
650 _aCÃO
650 _aDIABETE
650 _aDIAGNÓSTICO
909 _a202309
_bLucia
_c55
_dLucia Elande
942 _cBK
999 _c84350
_d84350